[Event "Championnat de France - Open A"]
[Site "Pau"]
[Date "2008.08.14"]
[Round "3.15"]
[White "Milesi, Laurent"]
[Black "Dargagnon, Remi"]
[Result "1/2-1/2"]
[WhiteElo "2145"]
[BlackElo "2079"]
[PlyCount "110"]

1. e4 e6 2. d3 d5 3. Nd2 c5 4. Ngf3 Nc6 5. g3 Nf6 6. Bg2 Be7 7. O-O O-O 8. Re1
b5 9. e5 Nd7 10. h4 a5 11. Nf1 Ba6 12. N1h2 c4 13. d4 c3 14. bxc3 b4 15. Bf4
bxc3 16. Re3 Rb8 17. Rxc3 Bc4 18. Rxc4 dxc4 19. d5 exd5 20. Qxd5 Ndxe5 21. Nxe5
Qxd5 22. Bxd5 Nxe5 23. Re1 Bd6 24. Bxe5 Rfe8 25. f4 Bxe5 26. fxe5 Rb5 27. Bxc4
Rbxe5 28. Rxe5 Rxe5 29. Nf3 Rc5 30. Bb3 Kf8 31. Kf2 f6 32. Nd4 Ke7 33. Ke3 Kd6
34. g4 Ke5 35. Nf3+ Kd6 36. Kd4 Rb5 37. Nd2 h5 38. c4 Re5 39. Ne4+ Kc7 40. g5
Rf5 41. gxf6 gxf6 42. Nc3 Rf4+ 43. Kc5 Rxh4 44. Nd5+ Kb7 45. Kd6 a4 46. c5 axb3
47. c6+ Kb8 48. Kd7 b2 49. c7+ Ka7 50. c8=Q b1=Q 51. Qc5+ Kb7 52. Qc6+ Ka7 53.
Qc5+ Kb7 54. Qc7+ Ka6 55. Qc6+ Ka7 1/2-1/2

[Event "Championnat de France - Open A"]
[Site "Pau"]
[Date "2008.08.14"]
[Round "3.16"]
[White "Lahilhanne, Philippe"]
[Black "Garro, Pierre"]
[Result "1/2-1/2"]
[WhiteElo "2051"]
[BlackElo "2140"]
[PlyCount "60"]

1. c4 Nf6 2. g3 g6 3. Bg2 Bg7 4. Nc3 d6 5. d3 e5 6. h3 c6 7. e4 O-O 8. Nge2 Ne8
9. O-O Be6 10. b3 Qc8 11. Kh2 f5 12. f4 Bd7 13. Be3 c5 14. Qd2 Nf6 15. Rae1 Kh8
16. Ng1 Nc6 17. fxe5 Nxe5 18. exf5 gxf5 19. Nge2 Re8 20. Nf4 Nfg4+ 21. Kh1 Nxe3
22. Rxe3 Nc6 23. Ncd5 Rxe3 24. Qxe3 Bd4 25. Qe2 Qg8 26. Kh2 Re8 27. Qh5 Qg7 28.
Qh4 Ne5 29. Nh5 Qh6 30. Qf6+ Qxf6 1/2-1/2

[Event "Championnat de France - Open A"]
[Site "Pau"]
[Date "2008.08.14"]
[Round "3.17"]
[White "Lewis, John"]
[Black "Bourdeaud'Huy, Thomas"]
[Result "1/2-1/2"]
[WhiteElo "2134"]
[BlackElo "2052"]
[PlyCount "90"]

1. d4 g6 2. Nf3 Bg7 3. c4 Nf6 4. Nc3 d6 5. e4 O-O 6. Be2 e5 7. O-O Nc6 8. d5
Ne7 9. b4 Ne8 10. c5 h6 11. Nd2 f5 12. a4 f4 13. Bg4 g5 14. Bxc8 Qxc8 15. f3 h5
16. Ba3 Rf7 17. Rc1 Ng6 18. b5 Bf8 19. cxd6 cxd6 20. b6 a6 21. Qb3 Qd8 22. Kh1
g4 23. Na2 Rg7 24. Rc3 Nh4 25. g3 Ng6 26. Nc1 Qg5 27. fxg4 hxg4 28. Rf2 Rh7 29.
Qc2 fxg3 30. Rxg3 Nf4 31. Nf1 Nf6 32. Ne2 N6h5 33. Rc3 Qh4 34. Neg3 Nxg3+ 35.
Nxg3 Nh3 36. Rf1 Ng5 37. Nf5 Qh5 38. Rg3 Rc8 39. Qg2 Kh8 40. Rxg4 Rc2 41. Qxc2
Qxg4 42. Bxd6 Nf3 43. Rxf3 Qxf3+ 44. Kg1 Qg4+ 45. Kh1 Qf3+ 1/2-1/2

[Event "Championnat de France - Open A"]
[Site "Pau"]
[Date "2008.08.14"]
[Round "3.18"]
[White "Leitner, Walter"]
[Black "Gretry, Patrice"]
[Result "1-0"]
[WhiteElo "2126"]
[BlackElo "2029"]
[PlyCount "113"]

1. e4 c5 2. Nf3 d6 3. d4 cxd4 4. Qxd4 Nc6 5. Bb5 Bd7 6. Bxc6 Bxc6 7. c4 Nf6 8.
Nc3 g6 9. O-O Bg7 10. Qd3 O-O 11. Nd4 Bd7 12. h3 Ne8 13. Be3 Nc7 14. Rac1 Na6
15. Rfd1 b6 16. Qd2 Re8 17. b3 Bc8 18. Nde2 Bb7 19. Bd4 f6 20. Ng3 Qd7 21. Be3
Qc6 22. f3 Rad8 23. Nge2 Ba8 24. Nd4 Qd7 25. Ndb5 Nb4 26. a3 Nc6 27. Nd5 Rc8
28. Bh6 Bh8 29. Be3 Na5 30. Rb1 Bc6 31. a4 Qb7 32. Nb4 Qd7 33. Nd5 Ba8 34. Bxb6
axb6 35. Nxb6 Qd8 36. Nxc8 Qxc8 37. Qxa5 Qc5+ 38. Kh1 f5 39. exf5 Qf2 40. Qe1
Qc5 41. Nxd6 Rf8 42. Qe6+ Kg7 43. Qxe7+ Kg8 44. Qe6+ Kg7 45. f6+ Kh6 46. Nf7+
Rxf7 47. Qxf7 Bxf3 48. gxf3 Qf2 49. Qd5 Qg3 50. Qd2+ g5 51. Qg2 Qf4 52. Qg4
Qxf6 53. Re1 Qg6 54. Re6 Bf6 55. Rd1 Kg7 56. Rxf6 Qxf6 57. Qd4 1-0

[Event "Championnat de France - Open A"]
[Site "Pau"]
[Date "2008.08.14"]
[Round "3.19"]
[White "Jaulin, Marc"]
[Black "Laurent, Maxime"]
[Result "1/2-1/2"]
[WhiteElo "2124"]
[BlackElo "2033"]
[PlyCount "76"]

1. e4 e6 2. d4 d5 3. Nc3 Bb4 4. e5 c5 5. Bd2 Ne7 6. Nb5 Bxd2+ 7. Qxd2 O-O 8. f4
a6 9. Nd6 Qb6 10. c3 Nbc6 11. Nf3 cxd4 12. cxd4 Ng6 13. g3 Bd7 14. Be2 f6 15.
O-O-O Nb4 16. a3 Nc6 17. h4 Na5 18. Qb4 Qc7+ 19. Kb1 Ne7 20. Rc1 Nec6 21. Qc3
b5 22. Bd3 Nc4 23. Qc2 f5 24. Rce1 Qb6 25. g4 Nxd4 26. Nxd4 Qxd4 27. gxf5 exf5
28. Bxc4 dxc4 29. Rhg1 Qxf4 30. Qg2 Qh6 31. e6 Rae8 32. Nxe8 Bxe8 33. Qd5 Kh8
34. Rg5 Qxh4 35. Reg1 Qe4+ 36. Qxe4 fxe4 37. Rxg7 Bg6 38. Ra7 Re8 1/2-1/2

[Event "Championnat de France - Open A"]
[Site "Pau"]
[Date "2008.08.14"]
[Round "3.20"]
[White "Fevre, Mathieu"]
[Black "Le Hetet, Nicolas"]
[Result "0-1"]
[WhiteElo "2032"]
[BlackElo "2123"]
[PlyCount "62"]

1. e4 c5 2. Nf3 Nc6 3. d4 cxd4 4. Nxd4 e5 5. Nb5 d6 6. N1c3 a6 7. Na3 b5 8. Nd5
Nge7 9. c4 Nd4 10. cxb5 Nxd5 11. exd5 Be7 12. Bd3 O-O 13. O-O f5 14. Be3 Nxb5
15. Nxb5 axb5 16. Bxb5 f4 17. Bd2 f3 18. g3 Ba6 19. Bxa6 Qd7 20. Re1 Rxa6 21.
Re3 Qf5 22. a3 e4 23. Bc1 Ra5 24. b4 Rxd5 25. Qf1 Rf6 26. Rc3 Rg6 27. Rb1 Bf6
28. Rc7 Bd4 29. Rb3 h5 30. Qa6 Kh7 31. a4 Bb6 0-1

[Event "Championnat de France - Open A"]
[Site "Pau"]
[Date "2008.08.14"]
[Round "3.21"]
[White "Velten, Paul"]
[Black "Loiseau, Quentin"]
[Result "0-1"]
[WhiteElo "2112"]
[BlackElo "2028"]
[PlyCount "84"]

1. d4 Nf6 2. Nf3 g6 3. c4 Bg7 4. Nc3 O-O 5. Bg5 Na6 6. e3 c5 7. Be2 d6 8. O-O
Bd7 9. Rc1 Rb8 10. Nb5 cxd4 11. exd4 Bxb5 12. cxb5 Nc7 13. b4 Ncd5 14. Qb3 Qd7
15. Bc4 e6 16. Bxf6 Nxf6 17. Rfe1 d5 18. Bd3 Rfc8 19. a4 Rxc1 20. Rxc1 Rc8 21.
Rxc8+ Qxc8 22. a5 Qc1+ 23. Bf1 Ne4 24. a6 b6 25. h3 Nd2 26. Qd3 Nxf3+ 27. Qxf3
Bxd4 28. g3 Qb2 29. h4 Qxb4 30. h5 Qd2 31. hxg6 hxg6 32. Qe2 Qc3 33. Qg4 Qc5
34. Qe2 Qc3 35. Qd3 Kf8 36. Qxc3 Bxc3 37. Bd3 Ke7 38. f4 Kd6 39. Kf2 Kc5 40.
Ke3 Bb2 41. Bf1 g5 42. Be2 Bc1+ 0-1

[Event "Championnat de France - Open A"]
[Site "Pau"]
[Date "2008.08.14"]
[Round "3.22"]
[White "Frih, Ameur"]
[Black "Robert, Bastien"]
[Result "1-0"]
[WhiteElo "2103"]
[BlackElo "2018"]
[PlyCount "57"]

1. d4 Nf6 2. c4 g6 3. Nc3 d5 4. Bg5 dxc4 5. e3 Bg7 6. Bxc4 O-O 7. Nf3 c6 8. O-O
Bg4 9. h3 Bxf3 10. Qxf3 Nbd7 11. Rad1 Qa5 12. Bh4 Qb4 13. Qe2 Nb6 14. Bd3 Nfd5
15. Qd2 e5 16. Nxd5 Nxd5 17. Qxb4 Nxb4 18. Be7 Nxd3 19. Bxf8 Nxf2 20. Rxf2 Rxf8
21. dxe5 Bh6 22. Rf3 Re8 23. Rd7 Rxe5 24. Rfxf7 b5 25. Rxh7 Bxe3+ 26. Kf1 g5
27. Rdg7+ Kf8 28. Rc7 Kg8 29. Rhd7 1-0

[Event "Championnat de France - Open A"]
[Site "Pau"]
[Date "2008.08.14"]
[Round "3.23"]
[White "Bressac, Stephane"]
[Black "Lamberti, Hugo"]
[Result "1/2-1/2"]
[WhiteElo "2028"]
[BlackElo "2101"]
[PlyCount "68"]

1. e4 e6 2. d4 d5 3. Nc3 Nf6 4. Bg5 Be7 5. e5 Nfd7 6. Bxe7 Qxe7 7. f4 a6 8. Nf3
c5 9. Qd2 Nc6 10. dxc5 Qxc5 11. O-O-O g6 12. Kb1 Nb6 13. Bd3 Bd7 14. g4 O-O-O
15. f5 exf5 16. gxf5 gxf5 17. Qf4 Qb4 18. Qxb4 Nxb4 19. Nd4 Nc4 20. Rde1 Rhe8
21. Bxc4 dxc4 22. Rhf1 Nc6 23. Nxc6 Bxc6 24. Rxf5 Re7 25. Kc1 Rde8 26. Ne4 Bxe4
27. Rxe4 b5 28. Kd2 Kd7 29. Ke3 f6 30. Rxf6 Rxe5 31. Rxe5 Rxe5+ 32. Kd4 Re2 33.
Kc3 Rxh2 34. Rxa6 Kc7 1/2-1/2

[Event "Championnat de France - Open A"]
[Site "Pau"]
[Date "2008.08.14"]
[Round "3.24"]
[White "Ruffenach, Alain"]
[Black "Bruneau, Francois"]
[Result "1/2-1/2"]
[WhiteElo "2100"]
[BlackElo "2002"]
[PlyCount "123"]

1. d4 Nf6 2. Nf3 b6 3. e3 e6 4. Bd3 Bb7 5. O-O Be7 6. Nbd2 d5 7. Ne5 O-O 8. f4
Ba6 9. Nc6 Qe8 10. Nxe7+ Qxe7 11. c4 c5 12. b3 cxd4 13. exd4 Rd8 14. Bb2 Nc6
15. Nf3 Rac8 16. Re1 dxc4 17. bxc4 Qb4 18. Rb1 Qa5 19. f5 exf5 20. d5 Qc5+ 21.
Kh1 Ng4 22. Re2 Nf2+ 23. Rxf2 Qxf2 24. Qa4 Bxc4 25. Bxc4 Na5 26. Bd4 Rxc4 27.
Qxc4 Qxf3 28. gxf3 Nxc4 29. Rc1 b5 30. Bxa7 Rxd5 31. a4 Nd6 32. Bb8 Nc4 33. Ba7
Nd6 34. Bc5 f6 35. a5 Nc4 36. Bb4 Rd7 37. a6 Ra7 38. Ra1 Ra8 39. Bc5 Nd2 40.
Ra3 Nxf3 41. Rxf3 Rxa6 42. Rb3 Ra2 43. Rxb5 f4 44. Bg1 g5 45. Rf5 Kf7 46. Bd4
Ra6 47. Kg2 Kg6 48. Rb5 g4 49. Bb2 Rc6 50. Bd4 h5 51. Bf2 Rc2 52. Kf1 h4 53.
Rc5 Rxc5 54. Bxc5 Kf5 55. Kf2 Ke4 56. Be7 g3+ 57. hxg3 hxg3+ 58. Kg2 Ke3 59.
Bxf6 f3+ 60. Kxg3 f2 61. Bd4+ Kxd4 62. Kxf2 1/2-1/2

[Event "Championnat de France - Open A"]
[Site "Pau"]
[Date "2008.08.14"]
[Round "3.25"]
[White "Samoun, Florent"]
[Black "Veron, Cyprien"]
[Result "1/2-1/2"]
[WhiteElo "2006"]
[BlackElo "2098"]
[PlyCount "94"]

1. e4 e5 2. Nf3 Nc6 3. Bb5 Nf6 4. d3 d6 5. c3 g6 6. d4 Bd7 7. dxe5 Nxe5 8.
Bxd7+ Nexd7 9. O-O Bg7 10. Qc2 O-O 11. Bg5 Re8 12. Nbd2 Qc8 13. Rfe1 b6 14. Nd4
Qb7 15. a4 a5 16. Rac1 Nc5 17. f3 Nfd7 18. Nb5 Ne5 19. Red1 Ned3 20. Rb1 Ne5
21. Nf1 Ne6 22. Bh4 Nf4 23. Bg5 Nh3+ 24. Kh1 Nxg5 25. f4 Ne6 26. fxe5 Bxe5 27.
Ne3 Qc8 28. Qf2 Qd8 29. Rf1 Rf8 30. Rbd1 Kg7 31. Ng4 Qg5 32. Qf3 Rad8 33. Na7
f5 34. Nxe5 fxe4 35. Qh3 Nf4 36. Qg4 Qxg4 37. Nxg4 Nd3 38. Nc6 Rde8 39. Rxf8
Rxf8 40. Kg1 Nxb2 41. Rd4 Re8 42. Kf2 Nd3+ 43. Ke3 Nc5 44. Nf2 d5 45. Na7 Re7
46. Nb5 Kf8 47. Na3 Kg7 1/2-1/2

[Event "Championnat de France - Open A"]
[Site "Pau"]
[Date "2008.08.14"]
[Round "3.26"]
[White "Jouneau, Quentin"]
[Black "Lallement, Victor"]
[Result "0-1"]
[WhiteElo "1978"]
[BlackElo "2097"]
[PlyCount "73"]

1. e4 c5 2. Nf3 d6 3. d4 cxd4 4. Nxd4 Nf6 5. Nc3 a6 6. g3 e5 7. Nde2 Nbd7 8.
Bg2 b5 9. Nd5 Bb7 10. Nec3 Rc8 11. Be3 Nxd5 12. Nxd5 Bxd5 13. exd5 Be7 14. f4
O-O 15. O-O exf4 16. Bxf4 Nb6 17. Qd3 Bf6 18. c3 Nc4 19. Rab1 Bg5 20. b3 Bxf4
21. gxf4 Qb6+ 22. Kh1 Ne3 23. Rf3 Ng4 24. Rbf1 Rce8 25. Rh3 f5 26. Qg3 Re3 27.
Bf3 Rfe8 28. Qh4 Nf6 29. Rg1 R3e7 30. Bh5 Rf8 31. Bg6 hxg6 32. Rxg6 Re2 33.
Qh8+ Kf7 34. Qxg7+ Ke8 35. Rh8 Re1+ 36. Kg2 Qg1+ 37. Kh3 0-1

[Event "Championnat de France - Open A"]
[Site "Pau"]
[Date "2008.08.14"]
[Round "3.27"]
[White "Manoeuvre, Antoine"]
[Black "Charpentier, Denis"]
[Result "1-0"]
[WhiteElo "2095"]
[BlackElo "1974"]
[PlyCount "78"]

1. d4 f5 2. c4 Nf6 3. g3 e6 4. Bg2 Be7 5. Nf3 d6 6. O-O O-O 7. Nc3 Ne4 8. Qc2
Nxc3 9. Qxc3 Bf6 10. Rd1 Qe8 11. Qb3 Kh8 12. Bg5 Nd7 13. Bxf6 Nxf6 14. Rac1 e5
15. dxe5 dxe5 16. Qa3 e4 17. Nd4 Bd7 18. Qc5 c6 19. Nc2 Rd8 20. Qxa7 Qh5 21. f3
Be6 22. b3 Ra8 23. Qc5 exf3 24. exf3 Qh6 25. Qd6 Rfe8 26. a4 g5 27. Qd4 f4 28.
g4 Qg6 29. Qd3 Kg7 30. Nd4 Qxd3 31. Rxd3 Kf7 32. Rcd1 Re7 33. Bf1 Rae8 34. Re1
Bc8 35. Rxe7+ Rxe7 36. a5 Re1 37. b4 Ra1 38. Nc2 Rc1 39. Rd2 Be6 {
suite illisible} 1-0

[Event "Championnat de France - Open A"]
[Site "Pau"]
[Date "2008.08.14"]
[Round "3.28"]
[White "Koch, Alain"]
[Black "Brunier, Jules"]
[Result "1-0"]
[WhiteElo "2090"]
[BlackElo "1937"]
[PlyCount "77"]

1. e4 e6 2. d4 d5 3. exd5 exd5 4. Nc3 Nf6 5. Nf3 Bb4 6. Bg5 O-O 7. Be2 Bg4 8.
O-O c6 9. Ne5 Bxe2 10. Nxe2 Be7 11. Ng3 Ne4 12. Bf4 f6 13. Nd3 Nd7 14. Nf5 g6
15. Qg4 Kh8 16. Nxe7 Qxe7 17. Bh6 Rfe8 18. Rfe1 f5 19. Qf4 Qd6 20. Rxe4 Qxf4
21. Rxe8+ Rxe8 22. Bxf4 Re2 23. Rc1 Re6 24. Ne5 Nf6 25. Re1 Kg8 26. f3 Nh5 27.
Bd2 f4 28. Kf2 g5 29. g4 fxg3+ 30. hxg3 h6 31. Nd7 Rd6 32. Re7 Ng7 33. g4 Ne6
34. Bb4 c5 35. dxc5 Ra6 36. Nb8 Rxa2 37. Rxe6 Rxb2 38. Ba3 Rxc2+ 39. Re2 1-0

[Event "Championnat de France - Open A"]
[Site "Pau"]
[Date "2008.08.14"]
[Round "3.29"]
[White "Dubocage, Claude"]
[Black "Gaubil, Olivier"]
[Result "1-0"]
[WhiteElo "1970"]
[BlackElo "2154"]
[PlyCount "65"]

1. d4 Nf6 2. Nf3 g6 3. g3 Bg7 4. Bg2 O-O 5. O-O c6 6. c4 d6 7. Nc3 Qa5 8. h3
Be6 9. Qd3 Qa6 10. b3 Nbd7 11. Bb2 d5 12. Nd2 dxc4 13. Nxc4 Rfd8 14. Ne5 Qa5
15. Nc4 Qh5 16. g4 Qh4 17. e4 Bxc4 18. Qxc4 Nb6 19. Qb4 Nxg4 20. hxg4 Rxd4 21.
Qa3 Rd3 22. Rac1 Be5 23. Rfd1 Rad8 24. Qxa7 Nc8 25. Rxd3 Rxd3 26. Qa8 Qxg4 27.
Na4 Bf4 28. Re1 Rh3 29. Nb6 f5 30. Qxc8+ Kf7 31. exf5 Bd6 32. fxg6+ Qxg6 33.
Qxh3 1-0

[Event "Championnat de France - Open A"]
[Site "Pau"]
[Date "2008.08.14"]
[Round "3.30"]
[White "Coustance, Kevin"]
[Black "Kieffer, Christian"]
[Result "0-1"]
[WhiteElo "2034"]
[BlackElo "2148"]
[PlyCount "54"]

1. e4 e6 2. d4 d5 3. Nc3 Bb4 4. e5 Ne7 5. a3 Bxc3+ 6. bxc3 b6 7. Bg5 O-O 8. Qg4
Qd7 9. h4 Kh8 10. Bd3 Ba6 11. Bxh7 Kxh7 12. Qh5+ Kg8 13. Bf6 Ng6 14. Nf3 gxf6
15. exf6 Qb5 16. O-O-O Nd7 17. Qg5 Nxf6 18. h5 Ne4 19. Qh6 Qa5 20. Kb2 Qxc3+
21. Kb1 Qxa3 22. Rd3 Bxd3 23. cxd3 Qb3+ 24. Kc1 Qc3+ 25. Kb1 Qxd3+ 26. Kc1 Qc3+
27. Kb1 Nd2+ 0-1

[Event "Championnat de France - Open A"]
[Site "Pau"]
[Date "2008.08.14"]
[Round "3.31"]
[White "Renaudin, Mathieu"]
[Black "Carre, Sylvain"]
[Result "1-0"]
[WhiteElo "2146"]
[BlackElo "2044"]
[PlyCount "73"]

1. d4 d5 2. c4 e6 3. Nc3 Nf6 4. Nf3 Be7 5. g3 O-O 6. Bg2 Nbd7 7. cxd5 exd5 8.
O-O Re8 9. Ne1 Nf8 10. Nd3 c6 11. b4 Ne4 12. Nxe4 dxe4 13. Nc5 Ne6 14. Bb2 Bf6
15. Nxe4 Bxd4 16. Bxd4 Nxd4 17. e3 Bf5 18. Nc5 Nc2 19. Qxd8 Rexd8 20. Nxb7 Rd2
21. Rad1 Rxd1 22. Rxd1 Nxb4 23. Na5 Rc8 24. a3 Nd5 25. Nxc6 Rxc6 26. Bxd5 Rc8
27. Kg2 g5 28. e4 Bg4 29. Rd3 Rc1 30. h4 Be2 31. Re3 Bf1+ 32. Kh2 g4 33. e5 h5
34. e6 fxe6 35. Rxe6 Kg7 36. Re7+ Kh6 37. Be4 1-0

[Event "Championnat de France - Open A"]
[Site "Pau"]
[Date "2008.08.14"]
[Round "3.32"]
[White "Petitjean, Pierre"]
[Black "Debray, Tristan"]
[Result "0-1"]
[WhiteElo "2025"]
[BlackElo "2145"]
[PlyCount "80"]

1. g3 e5 2. Bg2 Nf6 3. d3 Nc6 4. c4 d5 5. cxd5 Nxd5 6. Nc3 Nb6 7. Nf3 Be7 8.
O-O O-O 9. Be3 Be6 10. Ne4 Bd5 11. Nc3 Be6 12. Ne4 h6 13. Nc5 Bxc5 14. Bxc5 Re8
15. d4 exd4 16. Nxd4 Nxd4 17. Bxd4 c6 18. e4 Qe7 19. Qc2 Qb4 20. Bc3 Qc5 21. b3
Nd7 22. Qb2 f6 23. Rac1 Qb5 24. Bd4 a5 25. Rfd1 a4 26. b4 a3 27. Qc3 Ra4 28.
Rb1 Bxa2 29. Bf1 Qh5 30. Ra1 Bf7 31. Rd3 a2 32. Rd2 Ne5 33. Be2 Qh3 34. f4 Nd7
35. e5 fxe5 36. fxe5 Qe6 37. Qc2 Rxb4 38. Bd3 Nxe5 39. Bh7+ Kh8 40. Bxe5 Qxe5
0-1

[Event "Championnat de France - Open A"]
[Site "Pau"]
[Date "2008.08.14"]
[Round "3.33"]
[White "Jeanjean, Dominique"]
[Black "Le Bail, Clara"]
[Result "1-0"]
[WhiteElo "2140"]
[BlackElo "2035"]
[PlyCount "95"]

1. e4 e6 2. d4 d5 3. Nd2 Nf6 4. e5 Nfd7 5. Bd3 c5 6. c3 Nc6 7. Ngf3 cxd4 8.
cxd4 Qb6 9. O-O Nxd4 10. Nxd4 Qxd4 11. Nf3 Qb6 12. Qe2 Be7 13. Be3 Qd8 14. Rac1
f5 15. exf6 Nxf6 16. Bd4 O-O 17. Ng5 h6 18. Nxe6 Bxe6 19. Qxe6+ Kh8 20. Rfe1
Bd6 21. Re3 Bf4 22. Qf5 Ne4 23. Qg6 Qg5 24. Bxg7+ Kg8 25. Qxg5 Bxg5 26. Bxf8
Bxe3 27. fxe3 Rxf8 28. Bxe4 dxe4 29. Rc7 Rd8 30. Rxb7 Rd2 31. Rb4 Kf7 32. Rxe4
Rxb2 33. Ra4 Re2 34. Rxa7+ Kf6 35. a4 Rxe3 36. Rb7 Ra3 37. Rb4 Ra2 38. h4 Kf5
39. g4+ Kf6 40. Kf1 Kg6 41. Ke1 Rh2 42. a5 Ra2 43. Rb6+ Kg7 44. a6 Ra4 45. h5
Ra2 46. Kd1 Ra4 47. Kc2 Ra1 48. Kc3 1-0

[Event "Championnat de France - Open A"]
[Site "Pau"]
[Date "2008.08.14"]
[Round "3.34"]
[White "Ferry, Roger"]
[Black "Ane, Cedric"]
[Result "1/2-1/2"]
[WhiteElo "2120"]
[BlackElo "2033"]
[PlyCount "110"]

1. d4 g6 2. Nf3 Bg7 3. Bf4 d6 4. e3 Nd7 5. Bc4 e5 6. Bg5 Ngf6 7. c3 h6 8. Bh4
O-O 9. Qc2 Kh8 10. dxe5 dxe5 11. Nbd2 c6 12. h3 g5 13. Bg3 Qe7 14. Rd1 e4 15.
Nd4 Nb6 16. Be2 Re8 17. Nc4 Nxc4 18. Bxc4 Nh5 19. Bh2 f5 20. Be2 Nf6 21. Nb3
Be6 22. Nd4 Bc8 23. Nb3 Be6 24. Na5 Nd5 25. Nc4 Bg8 26. Bd6 Qe6 27. Bc5 b5 28.
Na5 Red8 29. Nb3 f4 30. Nd4 Qg6 31. Nb3 a5 32. Nd2 Bh7 33. O-O h5 34. Rfe1 Re8
35. Nf1 g4 36. hxg4 hxg4 37. exf4 Nxf4 38. Ng3 Nd3 39. Bxd3 exd3 40. Qd2 Re5
41. Rxe5 Bxe5 42. Re1 Bg7 43. Qe3 Rd8 44. Bb6 Ra8 45. Nf1 b4 46. Bd4 bxc3 47.
bxc3 Rc8 48. Nd2 c5 49. Bxc5 Bxc3 50. Rc1 Bg7 51. Rc4 Re8 52. Qf4 Bh6 53. Qd4+
Bg7 54. Qd7 Qe6 55. Qxe6 Rxe6 1/2-1/2

[Event "Championnat de France - Open A"]
[Site "Pau"]
[Date "2008.08.14"]
[Round "3.35"]
[White "Ralle, Pierre"]
[Black "Lograda, Alexis"]
[Result "1/2-1/2"]
[WhiteElo "2113"]
[BlackElo "2033"]
[PlyCount "42"]

1. Nf3 c5 2. c4 e6 3. Nc3 Nf6 4. g3 b6 5. Bg2 Bb7 6. O-O Be7 7. d4 cxd4 8. Nxd4
Bxg2 9. Kxg2 a6 10. e4 d6 11. b3 Qc7 12. Bb2 Nbd7 13. Qe2 O-O 14. Rad1 Rfe8 15.
f4 Bf8 16. Qf3 e5 17. Nde2 exf4 18. gxf4 b5 19. Nd5 Nxd5 20. Rxd5 bxc4 21. Rc1
Qb7 1/2-1/2

[Event "Championnat de France - Open A"]
[Site "Pau"]
[Date "2008.08.14"]
[Round "3.36"]
[White "Ruch, Bernard"]
[Black "Beghin, Ronan"]
[Result "0-1"]
[WhiteElo "2022"]
[BlackElo "2110"]
[PlyCount "70"]

1. d4 d5 2. Nf3 Nf6 3. Bf4 c5 4. c3 Qb6 5. Qb3 Nc6 6. e3 e6 7. Nbd2 Be7 8. Be2
Qd8 9. h3 O-O 10. O-O h6 11. Ne5 Bd6 12. Bh2 Qc7 13. f4 a5 14. a4 Bd7 15. Qd1
Rac8 16. Bd3 Qb6 17. Bb5 cxd4 18. Nxd7 Nxd7 19. cxd4 Nf6 20. Rc1 Nb4 21. Qe2
Rc7 22. Rc3 Rfc8 23. Rfc1 Na2 24. Rxc7 Rxc7 25. Rxc7 Qxc7 26. Nb3 Ne4 27. g3
Nc1 28. Nxc1 Qxc1+ 29. Kg2 Bb4 30. Bg1 Nxg3 31. Kxg3 Qxg1+ 32. Kf3 Qc1 33. Bd3
Bd2 34. b3 Qh1+ 35. Kg4 f5+ 0-1

[Event "Championnat de France - Open A"]
[Site "Pau"]
[Date "2008.08.14"]
[Round "3.37"]
[White "Couche, Jean-Francois"]
[Black "Armand, Jerome"]
[Result "1-0"]
[WhiteElo "2105"]
[BlackElo "2020"]
[PlyCount "49"]

1. Nf3 Nf6 2. c4 d6 3. Nc3 g6 4. e4 c5 5. d4 cxd4 6. Nxd4 Nc6 7. Be2 Nxd4 8.
Qxd4 Bg7 9. Be3 O-O 10. Qd2 Qa5 11. O-O Be6 12. Rab1 Rfc8 13. b3 a6 14. f4 b5
15. f5 gxf5 16. exf5 Bd7 17. g4 b4 18. Nd5 Nxd5 19. cxd5 Bc3 20. Qd1 Qxa2 21.
Rf2 Qa5 22. g5 Be5 23. f6 e6 24. Bd3 h6 25. Qh5 1-0

[Event "Championnat de France - Open A"]
[Site "Pau"]
[Date "2008.08.14"]
[Round "3.38"]
[White "Lewertowski, Gabriel"]
[Black "Gozzoli, Cyrille"]
[Result "1/2-1/2"]
[WhiteElo "2017"]
[BlackElo "2104"]
[PlyCount "165"]

1. e4 d5 2. exd5 Qxd5 3. Nc3 Qa5 4. d4 c6 5. Nf3 Nf6 6. Bc4 Bf5 7. Ne5 e6 8. g4
Be4 9. O-O Bd5 10. Bd3 Bd6 11. Bf4 Qc7 12. Qe2 Nbd7 13. Nd1 c5 14. c3 Bc6 15.
b4 cxd4 16. cxd4 Nd5 17. Bg3 Nxe5 18. dxe5 Bxb4 19. Rc1 Qe7 20. Nb2 O-O 21. Qe4
f5 22. exf6 Nxf6 23. Qc4 Bd5 24. Qc7 Qxc7 25. Rxc7 Rac8 26. h3 Rxc7 27. Bxc7
Bxa2 28. Ra1 Bd5 29. Rxa7 Bc5 30. Ra4 Nd7 31. Bg3 Rf3 32. Kf1 Nb6 33. Rf4 Rxf4
34. Bxf4 Bd4 35. Nd1 Nc4 36. Ne3 Nxe3+ 37. fxe3 Bc3 38. e4 Bc6 39. Ke2 e5 40.
Be3 Kf7 41. Bc4+ Ke7 42. Kd3 Bb4 43. g5 Bd7 44. h4 Be6 45. Bf2 Bh3 46. Bd5 Bf1+
47. Kc2 b5 48. Kb3 Bd6 49. Be3 Bh3 50. Bd2 Be6 51. Bxe6 Kxe6 52. Bb4 g6 53. Be1
Kd7 54. Bd2 Kc6 55. Be1 Bc5 56. Bg3 Be3 57. Kb4 Bd2+ 58. Kb3 Kc5 59. Bf2+ Kd6
60. Bg3 h6 61. gxh6 Bxh6 62. Kb4 Bf4 63. Bf2 Kc6 64. Be1 Be3 65. Bg3 Bf4 66.
Be1 g5 67. hxg5 Bxg5 68. Bc3 Be7+ 69. Kb3 Bd6 70. Be1 Kd7 71. Bh4 Ke6 72. Be1
Kf6 73. Kc3 Kg5 74. Bd2+ Kg4 75. Kd3 Kf3 76. Bc3 Kf2 77. Bb2 Ke1 78. Bc3+ Kd1
79. Bb2 b4 80. Kc4 Kc2 81. Bxe5 b3 82. Bc3 Ba3 83. e5 1/2-1/2

[Event "Championnat de France - Open A"]
[Site "Pau"]
[Date "2008.08.14"]
[Round "3.39"]
[White "Csomos, Romain"]
[Black "Lachique, Francois"]
[Result "1-0"]
[WhiteElo "2011"]
[BlackElo "2104"]
[PlyCount "127"]

1. d4 Nf6 2. Nf3 e6 3. c4 b6 4. Nc3 Bb7 5. e3 g6 6. Bd3 Bg7 7. O-O O-O 8. Qe2
d6 9. Rd1 Nbd7 10. b3 Rc8 11. Bb2 Qe7 12. e4 c5 13. d5 Nh5 14. Qd2 Rcd8 15. Re1
Bc8 16. a4 a5 17. g3 e5 18. Qc2 Kh8 19. Nh4 Ndf6 20. Be2 Bh6 21. Ng2 Qd7 22.
Nh4 Ng7 23. Nd1 Ng8 24. Bf1 f5 25. Bh3 Qe7 26. exf5 gxf5 27. Ng2 f4 28. Bxc8
Rxc8 29. gxf4 Bxf4 30. Nde3 Qg5 31. Kh1 Ne7 32. Nf1 Ngf5 33. Ng3 Rf6 34. Nxf4
Qxf4 35. Qe2 Rh6 36. Bc1 Qh4 37. Bxh6 Nxh6 38. Qh5 Qf4 39. Re4 Qf6 40. Rh4 Neg8
41. Ne4 Qf5 42. Nxd6 Qxh5 43. Rxh5 Rf8 44. Kg2 Ng4 45. f3 Ne3+ 46. Kf2 Nf6 47.
Rh4 Nc2 48. Rb1 Nd4 49. Nb5 Nf5 50. Rh3 e4 51. Re1 e3+ 52. Rxe3 Nxe3 53. Kxe3
Re8+ 54. Kf2 Kg7 55. Nd6 Re5 56. Rg3+ Kf8 57. Rh3 h5 58. Ne4 Kf7 59. Nxf6 Kxf6
60. f4 Re4 61. Rxh5 Rd4 62. Ke3 Rd1 63. Rh6+ Kf5 64. Rxb6 1-0

[Event "Championnat de France - Open A"]
[Site "Pau"]
[Date "2008.08.14"]
[Round "3.40"]
[White "Forgues, Valerie"]
[Black "Fejzovski, Ekrem"]
[Result "0-1"]
[WhiteElo "1999"]
[BlackElo "2093"]
[PlyCount "62"]

1. e4 c5 2. Nf3 d6 3. d4 cxd4 4. Nxd4 Nf6 5. Nc3 g6 6. Be2 Bg7 7. Be3 O-O 8.
O-O Nc6 9. Nb3 a6 10. a4 Na5 11. f4 Nxb3 12. cxb3 Qa5 13. Bf3 Be6 14. Ra3 Rac8
15. Qd2 Rfe8 16. Rd1 Bg4 17. Bxg4 Nxg4 18. Bd4 e5 19. fxe5 dxe5 20. Ba7 Bf8 21.
Raa1 Bc5+ 22. Bxc5 Qxc5+ 23. Kf1 Ne3+ 24. Ke2 Nxd1 25. Rxd1 Qb4 26. Qc2 Kg7 27.
Rd7 Re7 28. Rxe7 Qxe7 29. Qd3 Qh4 30. h3 Qg5 31. Kf2 Qf4+ 0-1

[Event "Championnat de France - Open A"]
[Site "Pau"]
[Date "2008.08.14"]
[Round "3.41"]
[White "Cheron, Stephane"]
[Black "Cramer, Stephen"]
[Result "1-0"]
[WhiteElo "1990"]
[BlackElo "2090"]
[PlyCount "65"]

1. e4 e5 2. Nf3 Nc6 3. d4 exd4 4. Nxd4 Nxd4 5. Qxd4 d6 6. Nc3 Nf6 7. Bg5 Be7 8.
O-O-O h6 9. Bh4 O-O 10. f3 Re8 11. g4 Nh7 12. Bxe7 Qxe7 13. h4 Be6 14. Be2 Red8
15. f4 g5 16. hxg5 c5 17. Qf2 hxg5 18. f5 Qf6 19. Qh2 Qg7 20. fxe6 fxe6 21.
Rxd6 Qe7 22. Rhd1 b6 23. Bc4 Nf8 24. Qd2 Rxd6 25. Qxd6 Qxd6 26. Rxd6 Kf7 27. e5
Re8 28. Ne4 Kg6 29. Bd3 Kh6 30. Nf6 Rc8 31. Bc4 Rc7 32. Bxe6 Nxe6 33. Rxe6 1-0